[Event "Sachsen-Anhalt-ch Seniors 18th"]
[Site "Osterburg"]
[Date "2010.06.08"]
[Round "4"]
[White "Breitfeld, Joachim"]
[Black "Runge, Dieter"]
[Result "1-0"]
[WhiteElo "2084"]
[BlackElo "1497"]
[PlyCount "51"]
[EventDate "2010.06.06"]
[EventType "swiss"]
[EventRounds "7"]
[EventCountry "GER"]
[SourceTitle "EXT 2013"]
[Source "ChessBase"]
[SourceDate "2012.11.22"]
[SourceVersion "1"]
[SourceVersionDate "2012.11.22"]
[SourceQuality "1"]

1. b4 e5 2. Bb2 d6 3. e3 Be6 4. Nf3 Bg4 5. Be2 Nf6 6. d4 e4 7. Nfd2 Bxe2 8. Qxe2 d5 9. b5 Nbd7 10. c4 Bb4 11. 0-0 Bxd2 12. Nxd2 Qe7 13. a4 Qe6 14. Ba3 Nb6 15. a5 Nxc4 16. Nxc4 dxc4 17. Rfc1 c3 18. Rxc3 Nd5 19. Rc2 Rc8 20. a6 b6 21. Rac1 Qd7 22. Rc6 Kd8 23. Qc4 Re8 24. Bd6 Qf5 25. Bxc7+ Kd7 26. Rd6+ 1-0

[Event "Sachsen-Anhalt-ch Seniors 14th"]
[Site "Osterburg"]
[Date "2006.06.13"]
[Round "4"]
[White "Runge, Dieter"]
[Black "Benne, Horst"]
[Result "0-1"]
[WhiteElo "1530"]
[BlackElo "1944"]
[PlyCount "38"]
[EventDate "2006.06.10"]
[EventType "swiss"]
[EventRounds "7"]
[EventCountry "GER"]
[SourceTitle "EXT 2007"]
[Source "ChessBase"]
[SourceDate "2006.11.23"]
[SourceVersion "1"]
[SourceVersionDate "2006.11.23"]
[SourceQuality "1"]

1. d4 Nf6 2. c4 g6 3. Nc3 d5 4. cxd5 Nxd5 5. e4 Nxc3 6. bxc3 c5 7. Bb5+ Bd7 8. Bxd7+ Qxd7 9. Ne2 cxd4 10. cxd4 Bg7 11. 0-0 0-0 12. Be3 Nc6 13. Qa4 Rfd8 14. Rfd1 Nxd4 15. Qxd4 Bxd4 16. Rxd4 Qb5 17. Rxd8+ Rxd8 18. Nc3 Qb2 19. Rc1 Qxc3 0-1

[Event "Sachsen-Anhalt-ch Seniors 14th"]
[Site "Osterburg"]
[Date "2006.06.10"]
[Round "1"]
[White "Runge, Dieter"]
[Black "Jacobi, Karl Heinz"]
[Result "0-1"]
[WhiteElo "1530"]
[BlackElo "1913"]
[PlyCount "68"]
[EventDate "2006.06.10"]
[EventType "swiss"]
[EventRounds "7"]
[EventCountry "GER"]
[SourceTitle "EXT 2007"]
[Source "ChessBase"]
[SourceDate "2006.11.23"]
[SourceVersion "1"]
[SourceVersionDate "2006.11.23"]
[SourceQuality "1"]

1. d4 Nf6 2. c4 g6 3. Nc3 d5 4. e3 Bg7 5. Bd3 0-0 6. Nf3 c5 7. dxc5 Qa5 8. 0-0 dxc4 9. Bxc4 Qxc5 10. Qe2 Nc6 11. Bd2 Bg4 12. b3 Qh5 13. Qe1 Bxf3 14. gxf3 Ne5 15. Be2 Nxf3+ 16. Bxf3 Qxf3 17. Qe2 Qh3 18. f3 Rfd8 19. Rfd1 Nd5 20. Rac1 Nb4 21. Be1 Nc6 22. Qg2 Qe6 23. Qe2 Ne5 24. Nb5 Rxd1 25. Qxd1 Qb6 26. Qe2 Nxf3+ 27. Qxf3 Qxb5 28. Rc7 Qg5+ 29. Bg3 Bh6 30. Kf2 Rd8 31. Rc2 Qb5 32. Qe4 Bg5 33. Be5 f5 34. Qg2 Bxe3+ 0-1

[Event "Sachsen-Anhalt-ch Seniors 13th "]
[Site "Osterburg"]
[Date "2005.06.15"]
[Round "6"]
[White "Mueller, Heinz1111"]
[Black "Runge, Dieter"]
[Result "1/2-1/2"]
[WhiteElo "1802"]
[BlackElo "1579"]
[PlyCount "56"]
[EventDate "2005.06.10"]
[EventType "swiss"]
[EventRounds "7"]
[EventCountry "GER"]
[SourceTitle "EXT 2007"]
[Source "ChessBase"]
[SourceDate "2006.11.23"]
[SourceVersion "1"]
[SourceVersionDate "2006.11.23"]
[SourceQuality "1"]

1. d4 d5 2. Nf3 Nf6 3. Bf4 e6 4. e3 Be7 5. Bd3 h6 6. 0-0 0-0 7. Nbd2 c5 8. c3 Bd6 9. Ne5 Nc6 10. Ndf3 Ne7 11. Rc1 Nh5 12. Bg3 Nxg3 13. hxg3 c4 14. Bb1 b5 15. Qc2 f5 16. g4 g5 17. Qe2 Kg7 18. g3 Ng6 19. Nxg6 Kxg6 20. Kg2 Qf6 21. Rh1 Kg7 22. gxf5 exf5 23. Qc2 Be6 24. Rh2 Rh8 25. Rch1 Raf8 26. Qe2 Bf7 27. Bc2 Bg6 28. a3 a6 1/2-1/2

[Event "Sachsen-Anhalt-ch Seniors 13th "]
[Site "Osterburg"]
[Date "2005.06.11"]
[Round "2"]
[White "Runge, Dieter"]
[Black "Schwager, Kurt"]
[Result "0-1"]
[WhiteElo "1579"]
[BlackElo "1868"]
[PlyCount "86"]
[EventDate "2005.06.10"]
[EventType "swiss"]
[EventRounds "7"]
[EventCountry "GER"]
[SourceTitle "EXT 2007"]
[Source "ChessBase"]
[SourceDate "2006.11.23"]
[SourceVersion "1"]
[SourceVersionDate "2006.11.23"]
[SourceQuality "1"]

1. d4 b6 2. c4 Bb7 3. Nf3 e6 4. Nc3 Bb4 5. Bd2 Ne7 6. e3 f5 7. Bd3 0-0 8. 0-0 Ng6 9. Qe2 Nc6 10. Rac1 Nh4 11. Nxh4 Qxh4 12. f4 Bxc3 13. Bxc3 Ne7 14. Be1 Qf6 15. Qf2 Rac8 16. Be2 d6 17. Bc3 Qg6 18. Bf3 d5 19. Bb4 c5 20. dxc5 bxc5 21. Ba3 Ba6 22. b3 dxc4 23. bxc4 Qe8 24. Qc2 Ng6 25. Rfd1 Nh4 26. Qe2 Nxf3+ 27. Qxf3 Qa4 28. Rc3 Bxc4 29. Rd2 Rfd8 30. Qf2 Qa5 31. Rxd8+ Rxd8 32. Qc2 Bd3 33. Qc1 c4 34. Kf2 Rb8 35. Qd2 Qd5 36. Kg3 Re8 37. Bb2 e5 38. fxe5 Qxe5+ 39. Kf2 Qxh2 40. Ra3 f4 41. Bd4 f3 42. Kxf3 Rf8+ 43. Kg4 Bf5+ 0-1